Most Spoken Non-English Languages in Arkansas - Statistics

General Stats
  • This quiz has been taken 27 times
  • The average score is 3 of 6
Answer Stats
Number of Speakers Language % Correct
69k Spanish
100%
2.3k Chinese
84%
1k Tagalog
72%
3k Vietnamese
64%
2.6k Marshallese
8%
1.7k Laotian
0%
No matching quizzes found
Score Distribution
Percent of People with Each Score
Percentile by Number Answered
Your Score History
You have not taken this quiz